000 00772cai a22001815a 4500
001 E146540
008 090202u xxk g 000 0 eng d
035 _a(Sirsi) u146540
041 0 _aeng
110 2 _aScottish Stone Liaison Group
_95021
245 0 0 _aScottish stone liaison group
_h[electronic resource]
520 _aWebsite of the Scottish Stone Liaison Group, an organisation made up of those interested in the promotion and availability of indigenous Scottish stone in building projects, as well as the technical skills required to use such materials.
590 _aKA
651 4 _aScotland
_y1999-
690 _aBUILT ENVIRONMENT-BUILDING MATERIALS-STONE
856 4 0 _uhttps://www.sslg.co.uk
_zView the website free of charge at www.sslg.co.uk...
942 _n0
999 _c120760
_d120760